Amb tango són tres

Đã lưu trong:
Chi tiết về thư mục
Tác giả chính: Richardson, Justin
Tác giả của công ty: Cole Henry
Tác giả khác: Parnell, Peter
Định dạng: Sách
Ngôn ngữ:Tiếng Anh
Được phát hành: Kalandraka 2016
Các nhãn: Thêm thẻ
Không có thẻ, Là người đầu tiên thẻ bản ghi này!

MARC

LEADER 00000nam a2200000 4500
005 20241009172114.0
008 241009b |||||||| |||| 00| 0 eng d
020 |a 978-8484649861 
040 |c GP 
100 |a Richardson, Justin 
245 |a Amb tango són tres  
260 |b Kalandraka  |c 2016 
700 |a Parnell, Peter 
710 |a Cole Henry 
942 |2 ddc  |c BK  |n 0 
952 |0 0  |1 0  |2 ddc  |4 0  |6 741_000000000000000_RIC  |7 1  |9 2084  |a RM  |b RM  |d 2024-10-09  |l 0  |o 741 RIC  |p 788  |r 2024-10-09 17:21:30  |w 2024-10-09  |y BK 
999 |c 1824  |d 1824